[Event "CRO-chT2 Center 23rd"]
[Site "Grubisno Polje"]
[Date "2014.03.16"]
[Round "3.1"]
[White "Mihalincic, Tomislav"]
[Black "Radic, Antonio"]
[Result "1-0"]
[WhiteElo "2319"]
[BlackElo "1917"]
[PlyCount "74"]
[EventDate "2014.03.02"]
[EventType "team-match"]
[EventRounds "11"]
[EventCountry "CRO"]
[SourceTitle "EXT 2016"]
[Source "ChessBase"]
[SourceDate "2015.10.08"]
[SourceVersion "1"]
[SourceVersionDate "2015.10.08"]
[SourceQuality "1"]

1. e4 c5 2. Nf3 d6 3. d4 cxd4 4. Nxd4 Nf6 5. Nc3 a6 6. g3 e5 7. Nb3 Be6 8. Bg2 Be7 9. 0-0 Nbd7 10. a4 Rc8 11. a5 Qc7 12. h3 0-0 13. Be3 Rfd8 14. f4 Nc5 15. Rf2 Bxb3 16. cxb3 Qc6 17. Qc2 Ne6 18. Bb6 Nd4 19. Qd1 Rd7 20. Bxd4 exd4 21. Qxd4 d5 22. exd5 Qc5 23. Qd1 Qe3 24. Na4 Qxg3 25. Qf3 Qxf3 26. Bxf3 Bc5 27. Nxc5 Rxc5 28. Rd2 Rb5 29. Rd3 Kf8 30. d6 Ne8 31. Rad1 Rxa5 32. Bxb7 Nf6 33. Bc6 Rd8 34. b4 Rf5 35. Rd4 Nh5 36. d7 Nxf4 37. Rxf4 Rxf4 1-0

[Event "CRO-chT2 Center 22nd"]
[Site "Sisak"]
[Date "2013.10.13"]
[Round "10.2"]
[White "Kristovic, Marijan"]
[Black "Radic, Antonio"]
[Result "1/2-1/2"]
[WhiteElo "2288"]
[BlackElo "1906"]
[PlyCount "138"]
[EventDate "2013.04.14"]
[EventType "team-tourn"]
[EventRounds "11"]
[EventCountry "CRO"]
[SourceTitle "EXT 2016"]
[Source "ChessBase"]
[SourceDate "2015.10.08"]
[SourceVersion "1"]
[SourceVersionDate "2015.10.08"]
[SourceQuality "1"]

1. e4 e5 2. f4 d5 3. d4 Nf6 4. fxe5 Nxe4 5. Nf3 Bg4 6. Bd3 Be7 7. 0-0 0-0 8. Nbd2 Ng5 9. Qe1 c5 10. Nxg5 Bxg5 11. dxc5 Nd7 12. Nb3 Bxc1 13. Rxc1 Qe7 14. Qg3 Bh5 15. Rce1 Nxc5 16. Nd4 Nxd3 17. cxd3 Bg6 18. h4 Qc5 19. Rf4 Rae8 20. Kh2 Qb6 21. Qf3 h5 22. Qg3 Bh7 23. Re3 Qg6 24. Qf2 Qb6 25. e6 fxe6 26. Rxe6 Qc7 27. Rxe8 Rxe8 28. Qg3 Qe7 29. Nf5 Qf6 30. Qf2 Qe5 31. d4 Qc7 32. Qg3 Bxf5 33. Rxf5 Qxg3+ 34. Kxg3 Re2 35. Rxh5 Rxb2 36. Rxd5 Rxa2 37. Rd8+ Kh7 38. Kf3 b5 39. g4 b4 40. Ke3 a5 41. Rb8 Ra3+ 42. Ke4 Rg3 43. d5 b3 44. d6 Rxg4+ 45. Ke3 Rg3+ 46. Ke2 Rg2+ 47. Ke1 Rg1+ 48. Kd2 Rg2+ 49. Kc3 Rg3+ 50. Kc4 Rg4+ 51. Kxb3 Rd4 52. Rb6 Kg8 53. Kc3 Rd1 54. Kc4 Kf7 55. h5 Ke6 56. Rb7 Rc1+ 57. Kd4 Kxd6 58. Rxg7 Rh1 59. Rg6+ Ke7 60. Rh6 Kf7 61. Ke5 Kg7 62. Rg6+ Kh7 63. Rg5 Kh6 64. Rg8 Re1+ 65. Kf6 Rf1+ 66. Ke6 Re1+ 67. Kf6 Rf1+ 68. Ke6 Re1+ 69. Kf6 Rf1+ 1/2-1/2

[Event "CRO-chT Cup 22nd"]
[Site "Bol"]
[Date "2013.05.25"]
[Round "5.133"]
[White "Radic, Antonio"]
[Black "Ozanic, Marijan"]
[Result "0-1"]
[WhiteElo "1913"]
[BlackElo "2124"]
[PlyCount "72"]
[EventDate "2013.05.22"]
[EventType "team"]
[EventRounds "6"]
[EventCountry "CRO"]
[SourceTitle "CBM 154 Extra"]
[Source "ChessBase"]
[SourceDate "2013.06.25"]
[SourceVersion "2"]
[SourceVersionDate "2013.06.25"]
[SourceQuality "1"]
[WhiteTeam "Krizevci"]
[BlackTeam "Vinkovci"]
[WhiteTeamCountry "CRO"]
[BlackTeamCountry "CRO"]

1. e4 e5 2. d4 exd4 3. c3 dxc3 4. Bc4 d6 5. Qb3 Qd7 6. Nf3 Nc6 7. Qxc3 Nf6 8. 0-0 h6 9. Re1 Be7 10. e5 dxe5 11. Nxe5 Nxe5 12. Qxe5 Kf8 13. Bf4 Bd6 14. Qe3 b5 15. Bf1 Bb7 16. Nc3 a6 17. Rad1 Re8 18. Qd4 Re6 19. Qa7 Qc8 20. Bxd6+ cxd6 21. Rc1 Qa8 22. Qb6 d5 23. Qd4 g6 24. Re3 Kg7 25. Rf3 Ree8 26. Bd3 Qb8 27. Ne2 Qe5 28. Qh4 Qg5 29. Qf4 d4 30. Qxg5 hxg5 31. Rg3 Be4 32. Kf1 g4 33. Bxe4 Rxe4 34. Rd3 Rxh2 35. Kg1 Rh8 36. Rxd4 Rxe2 0-1

[Event "CRO-chT Cup 22nd"]
[Site "Bol"]
[Date "2013.05.24"]
[Round "4.133"]
[White "Barcal, Aleksandar"]
[Black "Radic, Antonio"]
[Result "1/2-1/2"]
[WhiteElo "2081"]
[BlackElo "1913"]
[PlyCount "77"]
[EventDate "2013.05.22"]
[EventType "team"]
[EventRounds "6"]
[EventCountry "CRO"]
[SourceTitle "CBM 154 Extra"]
[Source "ChessBase"]
[SourceDate "2013.06.25"]
[SourceVersion "2"]
[SourceVersionDate "2013.06.25"]
[SourceQuality "1"]
[WhiteTeam "Buje"]
[BlackTeam "Krizevci"]
[WhiteTeamCountry "CRO"]
[BlackTeamCountry "CRO"]

1. e4 c5 2. Nf3 a6 3. d4 cxd4 4. Nxd4 Nf6 5. Nc3 e5 6. Nb3 Bb4 7. Bd3 d5 8. exd5 e4 9. Be2 Nxd5 10. Qd4 0-0 11. Bd2 Bxc3 12. Bxc3 Nxc3 13. Qxc3 Nc6 14. 0-0 Bf5 15. Rfd1 Qg5 16. Qg3 Qxg3 17. hxg3 e3 18. c3 exf2+ 19. Kxf2 Rfd8 20. Nc5 Rab8 21. b4 Bc2 22. Rxd8+ Nxd8 23. Rc1 Bf5 24. Rd1 Ne6 25. Nxb7 Rxb7 26. Bxa6 Rb8 27. a3 Kf8 28. c4 Nc7 29. Rd6 Ke7 30. c5 Ra8 31. Bc4 Rxa3 32. b5 Rc3 33. Rc6 Kd7 34. Rd6+ Kc8 35. b6 Rxc4 36. Rc6 Be6 37. Rxc7+ Kb8 38. c6 Rb4 39. Rb7+ 1/2-1/2

[Event "CRO-chT Cup 22nd"]
[Site "Bol"]
[Date "2013.05.23"]
[Round "2.133"]
[White "Livaic, Leon"]
[Black "Radic, Antonio"]
[Result "1/2-1/2"]
[WhiteElo "2053"]
[BlackElo "1913"]
[PlyCount "98"]
[EventDate "2013.05.22"]
[EventType "team"]
[EventRounds "6"]
[EventCountry "CRO"]
[SourceTitle "CBM 154 Extra"]
[Source "ChessBase"]
[SourceDate "2013.06.25"]
[SourceVersion "2"]
[SourceVersionDate "2013.06.25"]
[SourceQuality "1"]
[WhiteTeam "Velika Gorica"]
[BlackTeam "Krizevci"]
[WhiteTeamCountry "CRO"]
[BlackTeamCountry "CRO"]

1. d4 Nf6 2. Nf3 d5 3. c4 c6 4. cxd5 cxd5 5. Nc3 e6 6. Bg5 Nbd7 7. e3 Qa5 8. Bd3 Bb4 9. Qc2 h6 10. Bh4 Ne4 11. 0-0 Bxc3 12. bxc3 0-0 13. Bxe4 dxe4 14. Nd2 f5 15. f3 exf3 16. Rxf3 b5 17. Qb3 Qb6 18. Raf1 Bb7 19. Rxf5 Qc6 20. Rxf8+ Nxf8 21. Nf3 Rc8 22. Be1 a6 23. Qb2 Qe4 24. Qf2 Bd5 25. Kh1 Ng6 26. Qg3 Rf8 27. a3 Kh7 28. Bf2 Qd3 29. Re1 Be4 30. Qh3 Rf5 31. Qg4 Qc2 32. Bg3 h5 33. Qh3 Qxc3 34. Rg1 Qxe3 35. Nh4 Nxh4 36. Qxh4 Qe2 37. Qh3 g5 38. Be5 g4 39. Qg3 Kg6 40. h4 Rf2 41. d5 Bxd5 42. Bd4 Rf1 43. Rxf1 Qxf1+ 44. Kh2 Bxg2 45. Qe5 Qh1+ 46. Kg3 Qh3+ 47. Kf2 Qf3+ 48. Kg1 Qf1+ 49. Kh2 Qh1+ 1/2-1/2

[Event "Split op 1st"]
[Site "Split"]
[Date "2011.08.05"]
[Round "1"]
[White "Jovanic, Ognjen"]
[Black "Radic, Antonio"]
[Result "1-0"]
[WhiteElo "2489"]
[BlackElo "1989"]
[PlyCount "59"]
[EventDate "2011.08.05"]
[EventType "swiss"]
[EventRounds "9"]
[EventCountry "CRO"]
[SourceTitle "CBM 143 Extra"]
[Source "ChessBase"]
[SourceDate "2011.08.29"]
[SourceVersion "1"]
[SourceVersionDate "2011.08.29"]
[SourceQuality "1"]

1. d4 Nf6 2. c4 c5 3. d5 e6 4. Nc3 exd5 5. cxd5 d6 6. e4 g6 7. f4 Bg7 8. Bb5+ Nfd7 9. Nf3 0-0 10. 0-0 a6 11. Bd3 b5 12. a3 Qe7 13. h3 c4 14. Bc2 Nc5 15. Re1 Nbd7 16. Nd4 Qh4 17. Be3 Re8 18. Qd2 Bb7 19. Nf3 Qd8 20. Bd4 Bh6 21. Nd1 Rc8 22. Nf2 Nb3 23. Bxb3 cxb3 24. Ng4 Bf8 25. f5 Bg7 26. Bxg7 Kxg7 27. Qh6+ Kg8 28. Ng5 Nf6 29. fxg6 hxg6 30. Rf1 1-0

[Event "CRO-Cup 19th"]
[Site "Sibenik"]
[Date "2010.05.21"]
[Round "4"]
[White "Maslac, Zvonimir"]
[Black "Radic, Antonio"]
[Result "1/2-1/2"]
[WhiteElo "2101"]
[BlackElo "1995"]
[PlyCount "76"]
[EventDate "2010.05.19"]
[EventType "team-tourn"]
[EventRounds "6"]
[EventCountry "CRO"]
[SourceTitle "CBM 136 Extra"]
[Source "ChessBase"]
[SourceDate "2010.07.02"]
[SourceVersion "2"]
[SourceVersionDate "2010.07.15"]
[SourceQuality "1"]

1. e4 c5 2. Nf3 d6 3. Bb5+ Bd7 4. Bxd7+ Nxd7 5. 0-0 g6 6. c3 Bg7 7. d4 cxd4 8. cxd4 e6 9. Nc3 Ngf6 10. Bg5 e5 11. dxe5 dxe5 12. Qd6 Qb6 13. Qa3 Qc5 14. b4 Qc7 15. Bxf6 Nxf6 16. b5 Qe7 17. Qb3 0-0 18. Rfd1 Rfd8 19. g3 b6 20. Rxd8+ Rxd8 21. Rd1 Rxd1+ 22. Qxd1 h6 23. Nd5 Qb7 24. Nxf6+ Bxf6 25. Qc2 Kf8 26. Qc4 Ke8 27. Kg2 Kd8 28. a4 Qc7 29. Qd5+ Qd7 30. Qc4 Qc7 31. Qd3+ Qd7 32. Qc3 Qd6 33. Qc4 Qc7 34. Qb4 Ke8 35. Qd2 Bg7 36. Qd5 Qd7 37. Qb3 Qc7 38. h4 Qc5 1/2-1/2

[Event "CRO-Cup 19th"]
[Site "Sibenik"]
[Date "2010.05.20"]
[Round "2"]
[White "Stimac, Josip"]
[Black "Radic, Antonio"]
[Result "1/2-1/2"]
[WhiteElo "1979"]
[BlackElo "1995"]
[PlyCount "95"]
[EventDate "2010.05.19"]
[EventType "team-tourn"]
[EventRounds "6"]
[EventCountry "CRO"]
[SourceTitle "CBM 136 Extra"]
[Source "ChessBase"]
[SourceDate "2010.07.02"]
[SourceVersion "2"]
[SourceVersionDate "2010.07.15"]
[SourceQuality "1"]

1. d4 Nf6 2. Nf3 g6 3. c4 Bg7 4. Bf4 d6 5. h3 0-0 6. Nc3 a6 7. e3 c5 8. Be2 Qb6 9. Qd2 Rd8 10. Rd1 Bf5 11. Na4 Qc6 12. Qa5 Nbd7 13. d5 Qc8 14. Bd3 Bxd3 15. Rxd3 b6 16. Qd2 Ne4 17. Qc2 b5 18. Ra3 f5 19. Ng5 Nxg5 20. Bxg5 Re8 21. cxb5 axb5 22. Nc3 Rxa3 23. bxa3 b4 24. Nb5 Qb7 25. a4 Qxd5 26. 0-0 Qc6 27. a3 bxa3 28. Qa2+ Kh8 29. Qxa3 Nf6 30. Rc1 Ne4 31. Bf4 Ra8 32. Qb3 d5 33. Nc7 Rd8 34. Qb5 Qxb5 35. axb5 e5 36. Bh2 c4 37. Ne6 Re8 38. Nc7 Rb8 39. f3 Nc5 40. Nxd5 Rxb5 41. Rxc4 h6 42. Nc3 Ra5 43. Kf1 Kg8 44. Ke2 Kf7 45. e4 f4 46. Bg1 Bf8 47. Bxc5 Bxc5 48. Ra4 1/2-1/2

[Event "CRO-chT2 Center"]
[Site "Zagreb"]
[Date "2010.03.28"]
[Round "4.26"]
[White "Radic, Antonio"]
[Black "Pavlinic, Darko"]
[Result "0-1"]
[WhiteElo "2010"]
[BlackElo "2053"]
[PlyCount "104"]
[EventDate "2010.03.21"]
[EventType "team-tourn"]
[EventRounds "11"]
[EventCountry "CRO"]
[SourceTitle "EXT 2012"]
[Source "ChessBase"]
[SourceDate "2011.11.24"]
[SourceVersion "1"]
[SourceVersionDate "2011.11.24"]
[SourceQuality "1"]

1. e4 c5 2. Nf3 d6 3. d4 cxd4 4. Nxd4 a6 5. Nc3 e6 6. a4 Qc7 7. Be3 Nf6 8. Be2 Be7 9. 0-0 0-0 10. Nb3 Nc6 11. f4 Nb4 12. Bf3 Bd7 13. a5 Rac8 14. Rf2 Bc6 15. Bb6 Qb8 16. Rd2 e5 17. f5 Rfe8 18. Qe2 Bf8 19. Rad1 Nd7 20. Bf2 b5 21. Nb1 Bb7 22. c3 Nc6 23. Na3 Qc7 24. Nc2 Nxa5 25. Nxa5 Qxa5 26. Ne3 Nf6 27. Ng4 Nxg4 28. Bxg4 Rc4 29. Bh5 Qc7 30. Bf3 Rc8 31. h4 b4 32. cxb4 Rxb4 33. g4 Qc4 34. Qe3 Bxe4 35. Be2 Qc6 36. Qg5 Bh1 37. Bf1 Bf3 38. Bh3 Bxd1 39. Rxd1 Rxb2 40. f6 Qc2 41. Rf1 g6 42. h5 d5 43. hxg6 hxg6 44. Bg2 Bc5 45. Qh6 Bf8 46. Qg5 Qd2 47. Qxe5 Bc5 48. g5 Bxf2+ 49. Kh1 Bd4 50. Qxd5 Qxg2+ 51. Qxg2 Rxg2 52. Kxg2 Be3 0-1